000 01288nam a2200349 i 4500
001 194858
003 SpMaBN
005 20251122063146.0
007 ta
008 240520s1940 sp spa
016 7 _abimoBNE19996421665
_zIND9600771790
_2SpMaBN
035 _a(OCoLC)432963731
035 _abimo0001384999
040 _aSpMaBN
_bspa
_cCDM
_dES-MaACL
100 1 _aRodríguez Marín, Francisco,
_d1855-1943
_0XX1018638
_998634
245 1 0 _aAzar :
_b(fatalidad de amor) /
_cFrancisco Rodríguez Marín.
260 _aMadrid :
_bDédalo,
_c[1940?]
300 _a16 p. ;
_c32 cm
336 _2rdacontent
_atexto
337 _2rdamedia
_asin mediación
338 _2rdacarrier
_avolumen
490 1 _aNovelas y cuentos
500 _aSin port.
773 _0194742
_9202381
_gG-15981
_aObras encuadernadas juntas
830 _9236505
_aNovelas y cuentos (Dédalo)
852 _aES-MaACL
_cDEPO2
_jG-15981(19)
_hLegado: Juan Antonio Porto
_xEncuadernado con otras obras formando un volumen facticio
_9202381
903 _993285
_aPorto, Juan Antonio,
_q1
_d1937-2021
_ednr
942 _n0
_cFOLLETOS
980 _aRúst.
_aSpMaBN
_bBNMADRID
_jVC/1593/35
_cSG_RECOLET
999 _c194858
_d194858